Çanakkale Savaşları'nın 91. yılı anısına (Record no. 971)

MARC details
000 -BAŞLIK
Sabit Uzunlukta Kontrol Alanı 00675na a2200217 4500
001 - KONTROL NUMARASI
Denetim Alanı 16707
003 - KONTROL NUMARASI IDENTIFIER
Denetim Alanı MIRAKIL
005 - SON İŞLEM TARİHİ VE ZAMANI
Denetim Alanı 20181213154807.0
008 - SABİT-BOY VERİ ELEMANLARI - GENEL BİLGİLER
Sabit Uzunlukta Kontrol Alanı 161010b tu 000 0
040 ## - KATALOGLAMA KAYNAK
Orijinal Kataloglama Ajansı Milas
Kataloglama Dili tur
Metne Dönüştürmek Ajansı TR-AnCHP
041 ## - DİL KODU
Metin / Ses Parça Veya Ayrı Başlığın Dil Kodu tur
082 ## - DEWEY ONLU SINIFLANDIRMA NUMARASI
Sınıflandırma Numarası 956.101543
Ürün Numarası Ç25 2006
090 ## - SINIFLAMA NUMARASI
Sınıflama Numarası 956.101543 Ç25 2006
245 ## - BAŞLIK TABLOSU
Başlık Çanakkale Savaşları'nın 91. yılı anısına
Sorumluluk Tablosu, Vb Genel yayın yönetmeni Teoman Üsküplü
260 ## - YAYIN, DAĞITIM, VB
Yayın, Dağıtım, Vb Yeri Çanakkale
Yayıncı, Dağıtıcı, Vs Adı Ton Radyo, Televizyon ve Yayıncılık
Yayın, Dağıtım, Vb Tarihi 2006
300 ## - FİZİKSEL TANIM
Kapsam 64 s.
Diğer Fiziksel Ayrıntıları fotg. ; hrt.
Boyutlar 30 sm.
504 ## - KAYNAKÇA VB NOT
Kaynakça Vb Notu Kaynakça var.
650 ## - KONU KATMA GİRİŞ - TOPİKAL DÖNEM
Topikal Süreli Veya Coğrafi Ad Giriş Elemanı Çanakkale Savaşları
Genel Alt Bölümü Anma kitapları
700 ## - KATMA GİRİŞ - KİŞİSEL İSİM
Kişisel Ad Üsküplü, Teoman
942 ## - EKLENDİ GİRİŞ ELEMANLARI (KOHA)
Sınıflandırma Veya Raf Düzeni Kaynak
Koha Öğesi Türü Books
999 ## - SİSTEM KONTROL NUMARALARI (KOHA)
Koha Biblionumber 971
Koha Biblioitemnumber 971
Holdings
Kalıcı Konum Mevcut Konum Edinme Tarihi Edinim Kaynak Toplam Check-Out'Lar Tam Çağrı Numarası Barkod Tarih Son Görülme İtibaren Geçerli Fiyatlar Koha Öğesi Türü
CHP Kütüphanesi CHP Kütüphanesi 10/10/2016 Bağış   956.101543 Ç25 2006 006692 10/10/2016 10/10/2016 Books